Primi 15 paesi interessati da Covid-19 - 6 maggio - Statistics

Statistiche generali
  • Questo quiz è stato fatto 5 volte
  • Il punteggio medio è 10 su 24
Statistiche sulle risposte
nazione % Corretto
Cina
100%
Francia
80%
Germania
80%
India
80%
Italia
80%
Regno Unito
80%
Russia
80%
Spagna
80%
Stati Uniti
80%
Brasile
60%
Canada
60%
Paesi Bassi
40%
Portogallo
40%
Belgio
20%
Perù
20%
Svezia
20%
Svizzera
20%
Turchia
20%
Bahrain
0%
Bielorussia
0%
Iran
0%
Irlanda
0%
Qatar
0%
Singapore
0%
Nessun quiz corrispondente trovato
Distribuzione punteggi
Percentuale di utenti per punteggio
Percentile per numero di risposta
I tuoi punteggi nel tempo
Non hai fatto questo quiz